Detalles MARC
| 000 -LEADER |
| fixed length control field |
01144cam a2200373 4500 |
| 001 - CONTROL NUMBER |
| control field |
43967 |
| 003 - CONTROL NUMBER IDENTIFIER |
| control field |
DO-SdBNP |
| 005 - DATE AND TIME OF LATEST TRANSACTION |
| control field |
20171211140409.0 |
| 007 - PHYSICAL DESCRIPTION FIXED FIELD--GENERAL INFORMATION |
| fixed length control field |
43967 |
| 008 - FIXED-LENGTH DATA ELEMENTS--GENERAL INFORMATION |
| fixed length control field |
081209s2008 sp a | |||| 000 f spa |
| 015 ## - NATIONAL BIBLIOGRAPHY NUMBER |
| National bibliography number |
MON0903 |
| 017 ## - COPYRIGHT OR LEGAL DEPOSIT NUMBER |
| Assigning agency |
|
| 020 ## - INTERNATIONAL STANDARD BOOK NUMBER |
| International Standard Book Number |
9788420422503 |
| 035 ## - SYSTEM CONTROL NUMBER |
| System control number |
|
| 040 ## - CATALOGING SOURCE |
| Original cataloging agency |
BPMSU |
| Language of cataloging |
spa |
| Transcribing agency |
BPMSU |
| Description conventions |
|
| 080 ## - UNIVERSAL DECIMAL CLASSIFICATION NUMBER |
| Universal Decimal Classification number |
|
| 082 #4 - DEWEY DECIMAL CLASSIFICATION NUMBER |
| Classification number |
M863.44 |
| Item number |
F954r |
| 100 1# - MAIN ENTRY--PERSONAL NAME |
| Personal name |
Fuentes, Carlos, |
| Dates associated with a name |
1928-2012. |
| 245 13 - TITLE STATEMENT |
| Title |
La región más transparente / |
| Statement of responsibility, etc. |
Carlos Fuentes ; texto revisado por el autor de esta edición. |
| Medium |
|
| 250 ## - EDITION STATEMENT |
| Edition statement |
Ed. conmemorativa |
| 260 0# - PUBLICATION, DISTRIBUTION, ETC. (IMPRINT) |
| Place of publication, distribution, etc. |
México, D.F. : |
| Name of publisher, distributor, etc. |
Real Academia Española, |
| Date of publication, distribution, etc. |
2008. |
| 300 ## - PHYSICAL DESCRIPTION |
| Extent |
lxvii, 671 p. |
| Other physical details |
retr. |
| Dimensions |
22 cm. |
| 500 ## - GENERAL NOTE |
| General note |
"Edición conmemorativa" |
| 500 ## - GENERAL NOTE |
| General note |
Incluye índice |
| 504 ## - BIBLIOGRAPHY, ETC. NOTE |
| Bibliography, etc |
Bibliografía: p. 603-618. |
| 650 #4 - SUBJECT ADDED ENTRY--TOPICAL TERM |
| Topical term or geographic name as entry element |
NOVELA MEXICANA |
| 650 #4 - SUBJECT ADDED ENTRY--TOPICAL TERM |
| Topical term or geographic name as entry element |
LITERATURA MEXICANA |
| 710 22 - ADDED ENTRY--CORPORATE NAME |
| Corporate name or jurisdiction name as entry element |
Asociación de Academias de la Lengua Española |
| 710 22 - ADDED ENTRY--CORPORATE NAME |
| Corporate name or jurisdiction name as entry element |
REAL ACADEMIA ESPAÑOLA |
| 910 ## - USER-OPTION DATA (OCLC) |
| User-option data |
Validado. Control de calidad MFF |
| 942 ## - ADDED ENTRY ELEMENTS (KOHA) |
| Source of classification or shelving scheme |
Dewey Decimal Classification |
| Koha item type |
Libros |
| 945 ## - LOCAL PROCESSING INFORMATION (OCLC) |
| a |
Inventariado extranjero / 2017 VM |
| 956 ## - LOCAL ELECTRONIC LOCATION AND ACCESS (OCLC) |
| Host name |
VMATEO |
| Access number |
10 |
| Compression information |
20160825 |
| Path |
BPMSU |
| Electronic name |
00069 |